|
|
|
|
| LEADER |
00000nbm0a2200000 4500 |
| 001 |
71618 |
| 005 |
20250225063226.0 |
| 035 |
|
|
|a (RuTPU)RU\TPU\book\76330
|
| 090 |
|
|
|a 71618
|
| 100 |
|
|
|a 20041221d1980 k y0rusy50 ca
|
| 101 |
0 |
|
|a rus
|
| 102 |
|
|
|a RU
|
| 105 |
|
|
|a a m 001zy
|
| 200 |
1 |
|
|a Геология Сарасинской шовной зоны ( Горный Алтай)
|e диссертация на соискание ученой степени кандидата горно-минералогических наук
|e Спец. 04.00.01.
|f В. Н. Коржнев
|g ТГУ; науч. рук.: В. А. Ивания
|
| 210 |
|
|
|a Томск
|c [Б. и.]
|d 1980
|
| 215 |
|
|
|a 325 л.
|c ил.
|
| 320 |
|
|
|a Библиогр.: с. 191-228
|
| 610 |
1 |
|
|a геология
|
| 610 |
1 |
|
|a Горный Алтай
|
| 610 |
1 |
|
|a вендские отложения
|
| 610 |
1 |
|
|a кембрий
|
| 610 |
1 |
|
|a девонская система
|
| 610 |
1 |
|
|a рифей
|
| 610 |
1 |
|
|a тектоника
|
| 610 |
1 |
|
|a полезные ископаемые
|
| 610 |
1 |
|
|a палеозой
|
| 610 |
1 |
|
|a палеозойские отложения
|
| 610 |
1 |
|
|a диссертации
|
| 675 |
|
|
|a 551.7(048)
|v 3
|
| 686 |
|
|
|a 04.00.01.
|2 oksvnk
|
| 700 |
|
1 |
|a Коржнев
|b В. Н.
|g Виктор Николаевич
|
| 702 |
|
1 |
|a Ивания
|b В. А.
|4 727
|
| 712 |
0 |
2 |
|a Томский государственный университет
|c 1917-2009
|7 ca
|8 rus
|2 stltpush
|3 (RuTPU)RU\TPU\col\397
|9 23396
|
| 801 |
|
1 |
|a RU
|b 63413507
|c 20041221
|g PSBO
|
| 801 |
|
2 |
|a RU
|b 63413507
|c 20090427
|g PSBO
|
| 942 |
|
|
|c BK
|